000 00369nam a22001457a 4500
003 MACL
005 20191128165300.0
008 191128b xxu||||| |||| 00| 0 eng d
040 _cMACL
100 _aMahadevan, T.M.P
_977347
245 _aThe Phlosophy of Advaita
260 _aDelhi
_bBharatiya kala prakashan
_c2018
650 _aPhilosophy
_977348
942 _2ddc
_cBK
999 _c61447
_d61447